Manažment znalostí - moderný fenomén riadenia úspešných podnikov

Pojem manažment znalostí. Typológia znalostí a prínosy implementácie manažmentu znalostí v podniku. Manažér znalostí ako významná funkcia v budúcnosti.

Enregistré dans:
Détails bibliographiques
Auteur principal: Hvizdová, Eva, ml
Format: Chapitre de livre
Langue:slovaque
Sujets:
Tags: Ajouter un tag
Pas de tags, Soyez le premier à ajouter un tag!

MARC

LEADER 00000naa$a2200000$$$4500
001 0073340
005 20240502071853.5
041 0 |a slo 
044 |a SK 
245 1 0 |a Manažment znalostí - moderný fenomén riadenia úspešných podnikov  |c Eva Hvizdová 
520 |a Pojem manažment znalostí. Typológia znalostí a prínosy implementácie manažmentu znalostí v podniku. Manažér znalostí ako významná funkcia v budúcnosti. 
610 2 0 |a manažment 
610 2 0 |a riadenie podnikové 
610 2 0 |a podnik 
610 2 0 |a vedomosti 
610 2 0 |a kapitál ľudský 
610 2 0 |a zdroje ľudské 
610 2 0 |a informácie 
610 2 0 |a konkurencia 
610 2 0 |a manažéri 
610 2 0 |a efektívnosť 
100 1 |a Hvizdová, Eva, ml.